Bibel Verse/Themen Büchern zuordnen - Statistiken

Allgemein
  • Dieses Quiz wurde 151 mal gespielt
  • Das Durchschnittsergebnis liegt bei 13 aus 21
Antwortstatistiken
Hint Antwort % Korrekt
Schöpfungsgeschichte Genesis/1.Mose/ Gen
94%
Auszug aus Ägypten Exodus/2.Mose/ Ex
92%
Abraham/Isaak Genesis/1.Mose/ Gen
87%
"Eli, Eli, lama asabtani? Das heißt: Mein Gott, mein Gott, warum hast du mich verlassen?" Matthäus/Markus/ Mt/ Mk
87%
Noah/Sintflut Genesis/1.Mose/ Gen
83%
Einsetzung von Richtern anstelle von Königen Richter/ Ric
82%
Die Bekehrung des Paulus Apostelgeschichte/ Apg
80%
"Im Anfang war das Wort, und das Wort war bei Gott, und Gott war das Wort." Johannes/ Joh
78%
König Salomo 1.Könige/ 1. Kön
74%
Der barmherzige Samariter Lukas/ Lk
72%
Hauptmann unterm Kreuz Markus/ Mk
71%
Saul wird König 1.Samuel/ 1.Sam
65%
Davids Regentschaft 2.Samuel/ 2.Sam
63%
Die geistige Waffenrüstung Epheser/ Eph
56%
Die Früchte des Heiligen Geistes Galater/ Gal
49%
Feldrede Lukas/ Lk
45%
Lied der Hanna 1.Samuel/ 1.Sam
44%
Dekalog Exodus/2.Mose/ ExDeuteronomium/ Dtn/ 5. Mose
37%
Segensformel Numeri/4.Mose/ Num
36%
Shema Israel Deuteronomium/5.Mose/Dtn
34%
"Ich bin heilig und ihr sollt auch heilig sein." Levitikus/ Lev
21%
Keine übereinstimmenden Quizze gefunden
Verteilung der Resultate
Anzahl Personen mit jedem Resultat
Perzentil nach korrekt beantworteten Fragen
Ihre Resultats-Entwicklung
Sie haben dieses Quiz noch nicht gespielt